00398nam a2200145Ia 450000500170000000800410001703700130005804000200007104100130009108400190010410000180012324500570014126000450019830000090024320250326143209.0250326s9999 xx 000 0 und d aTextbook aFMSLbengcFMSL aeng2eng aX:89Q N8qFMSL aChristopher M 0aLogistics and supply chain managementcChristopher M aNew DelhibNew Delhi, Ficial timesc1998 a294p